| 000 | 01548nam a2200349 c 4500 | ||
|---|---|---|---|
| 003 | BLK | ||
| 005 | 20221115172647.0 | ||
| 008 | 180412b bul|||||r ||||||| ||bul|| | ||
| 010 | _aKNG00011764000 | ||
| 020 |
_a954-05-0281-0 _bиздат.: Земиздат |
||
| 040 | _aBLK | ||
| 041 |
_aBUL _cBUL |
||
| 080 |
_aНасекоми, вредители на селскостопанските растения _b632.7 _x(075.8) _z632.7(075.8) |
||
| 080 |
_aНасекоми. Insecta. Ентомология _b595.7 _x(075.8) _z595.7(075.8) |
||
| 100 | 1 |
_aХаризанов, Ангел Филипов _eпърви автор _9364384 |
|
| 139 |
_aХаризанов, Ангел Филипов _bХ 27 |
||
| 245 | 1 | 0 |
_aЕнтомология _bУчебник за студентите от ВСИ - Пловдив, Фак. по полевъдство и по лозаро-градинарство _cАнгел Филипов Харизанов. |
| 250 | _a2. прераб. и доп. изд | ||
| 257 | _aBGR | ||
| 260 |
_аСофия _bЗемиздат _c1996 |
||
| 300 |
_a416 с. _bс ил. _c25 см |
||
| 380 | _a5 | ||
| 500 | _aДеп. списък: 10 1. изд. 1988 ; 700 тир | ||
| 650 | 4 |
_aЕнтомология - учебници за ВУЗ _9255356 |
|
| 650 | 4 |
_aЕнтомология, селскостопанска - учебници за ВУЗ _9255357 |
|
| 653 | _aентомология | ||
| 852 | _aЦб 188244 | ||
| 856 | 4 |
_qpdf _u |
|
| 856 | 4 |
_qpdf _u |
|
| 942 |
_cKNG _n0 _01 |
||
| 944 |
_aCR _c15.01.2003 _kКети_Илиева |
||
| 944 |
_aED _c18.10.2005 _k |
||
| 999 |
_c10281 _d10281 |
||